GT Lý thuyết tài chính tiền tệ

Saved in:
Bibliographic Details
Main Author: Không rõ
Format: Book
Language:Vietnamese
Published: HU 1996
Tags: Add Tag
No Tags, Be the first to tag this record!
Institutions: Mạng thư viện Đại học Đà Nẵng
LEADER 00617nam a2200277 4500
001 000026754
003 793
005 20150325120000.0
008 150325s vm 000 vie
020 |c 15,0000 
040 |a NOTTS 
100 |a Không rõ 
245 |a GT Lý thuyết tài chính tiền tệ 
260 |b HU  |c 1996 
300 |a 248tr. ; 
OWN |a LTT 
999 |a From the UDN01 
TYP |a Monograph 
TYP |a Printed language 
980 |a Mạng thư viện Đại học Đà Nẵng